000 00910nam a2200301Ia 4500
001 Para_9918
003 CHAP
008 220125s2010 xx 000 0 und d
010 _a208580
020 _a978 - 1 - 55581 - 473 - 1
040 _cCHAP
082 _aPA 589.2 C45 2010
245 _aCellular and molecular biology of filamentous fungi /
_c editado Katherine A. Borkovich, Daniel J. Ebbole
260 _aWashington, Dc. :
_b ASM Press
300 _a788 p.
500 _aIncluye referencias bibliográficas e índice
650 _aHongos Genética
_9175031
650 _aMicología
_975476
700 _aBorkovich, Katherine A., ed.
_9175032
700 _aEbbole, Daniel J., ed.
_9175033
901 _aPA 589.2 C45 2010
902 _aM
905 _a5232202010 a 8000000300 06
910 _a2010
942 _cPARA
942 _cPARA
_d1
999 _c208580
_d208580